Name That Play Quiz Stats

 Plays Quiz Updated Feb 24, 2019

Score 0/28 Timer 07:00
0 Plays Today
Characters Play % Correct
Mercutio, Lady Capulet, Lady MontagueRomeo and Juliet
88.5%
Willy Loman, Linda Loman, Biff LomanDeath of a Salesman
73.3%
Duncan, Banquo, MacduffMacbeth
69.9%
Prof. Henry Higgins, Eliza DoolittlePygmalion
63.4%
Blanche Dubois, Stella Kowalski, Stanley KowalskiA Streetcar Named Desire
61.9%
Abigail Williams, Reverend John Hale, John ProctorThe Crucible
47.5%
Jocasta, Creon, TiresiasOedipus Rex
33%
Stage Manager, George Gibbs, Emily WebbOur Town
31.4%
Estragon, Vladimir, LuckyWaiting for Godot
30.3%
Jack Worthing, Algernon Moncrieff, Lady BracknellThe Importance of Being Earnest
29%
Amanda Wingfield, Laura Wingfield, Jim O'ConnorThe Glass Menagerie
27.4%
Maggie Pollitt, Brick Pollitt, Big Daddy PollittCat on a Hot Tin Roof
26.7%
Nora Helmer, Torvald Helmer, Dr. RankA Doll's House
25.8%
George, Martha, Nick, HoneyWho's Afraid of Virginia Woolf?
19%
Characters Play % Correct
Mme. Lyuba Ranevsky, Yermolay Lopakhin, Leonid GayevThe Cherry Orchard
18.1%
Walter Lee Younger, Ruth Younger, Joseph AsagaiA Raisin in the Sun
17.1%
Joe Pitt, Louis Ironson, Ethel Rosenberg, Roy CohnAngels in America
14.2%
Macheath, Celia Peachum, PollyThe Threepenny Opera
9.1%
Jørgen (George) Tesman, Judge Brack, Aunt Juliane TesmanHedda Gabler
8.7%
Ricky Roma, Shelly Levene, John WilliamsonGlengarry Glen Ross
7.5%
Troy Maxson, Cory Maxson, Rose Maxson Fences
7.1%
Madame Pernelle, Orgon, ElmireTartuffe
7%
Theodore Hickman, Larry Slade, Harry HopeThe Iceman Cometh
5.3%
Eugene Morris Jerome, Sgt. Merwin J. Toomey, Joseph WykowskiBiloxi Blues
4.8%
Berenger, Jean, Logician, DaisyRhinoceros
3.3%
Stanley Webber, Meg Boles, Goldberg and McCannThe Birthday Party
2.9%
Karen Wright, Martha Dobie, Dr. Joe CardinThe Children's Hour
2.6%
Eddie, May, Old ManFool for Love
1.8%

You're not logged in!

Compare scores with friends on all Sporcle quizzes.
OR
Log In

Sporcle TV

Today on Sporcle TV


Watch our educational content, quiz creation guides, and fun videos on Sporcle TV.

Show Comments

Extras

Top Quizzes Today


Score Distribution

Your Account Isn't Verified!

In order to create a playlist on Sporcle, you need to verify the email address you used during registration. Go to your Sporcle Settings to finish the process.

Report this User

Report this user for behavior that violates our Community Guidelines.

Details: